Analog electronics / (Record no. 182554)
[ view plain ]
| 000 -LEADER | |
|---|---|
| fixed length control field | 00910 a2200193 4500 |
| 003 - CONTROL NUMBER IDENTIFIER | |
| control field | Nust |
| 005 - DATE AND TIME OF LATEST TRANSACTION | |
| control field | 20221208113514.0 |
| 020 ## - INTERNATIONAL STANDARD BOOK NUMBER | |
| International Standard Book Number | 8120327225 |
| 040 ## - CATALOGING SOURCE | |
| Transcribing agency | Nust |
| 082 ## - DEWEY DECIMAL CLASSIFICATION NUMBER | |
| Classification number | 621.382,MAH |
| 100 ## - MAIN ENTRY--PERSONAL NAME | |
| Personal name | Masheshwari, L. K. |
| 9 (RLIN) | 104432 |
| 245 ## - TITLE STATEMENT | |
| Title | Analog electronics / |
| Statement of responsibility, etc. | L. K. Masheshwari and M. M. S. Anand |
| 260 ## - PUBLICATION, DISTRIBUTION, ETC. | |
| Place of publication, distribution, etc. | New Delhi |
| Name of publisher, distributor, etc. | Prentice-Hall of India |
| Date of publication, distribution, etc. | 2005 |
| 300 ## - PHYSICAL DESCRIPTION | |
| Extent | 690 p. |
| 505 ## - FORMATTED CONTENTS NOTE | |
| Formatted contents note | Fundamental Concepts (Page-1), Operational Amplifier Basic (Page-97), Special Purpose Linear Op-amp Circuits (Page-152), Active Filters (Page-188), Nonlinear Operational Amplifier Circuits (Page-250), Signal Generators (Page-319), Voltage Regulators (Page-375), Integrated Circuits Power Amplifiers (Page-444), High Frequency Amplifiers (Page-482), Data Converters (Page-520), IC Sensors (Page-586), |
| 650 ## - SUBJECT ADDED ENTRY--TOPICAL TERM | |
| Topical term or geographic name entry element | Telecommunications engineering. |
| 9 (RLIN) | 58485 |
| 700 ## - ADDED ENTRY--PERSONAL NAME | |
| Personal name | Anand, M. M. S. |
| 9 (RLIN) | 67388 |
| 942 ## - ADDED ENTRY ELEMENTS (KOHA) | |
| Source of classification or shelving scheme | |
| Koha item type | Book |
| Withdrawn status | Lost status | Source of classification or shelving scheme | Damaged status | Not for loan | Permanent Location | Current Location | Shelving location | Date acquired | Full call number | Barcode | Date last seen | Price effective from | Koha item type | Public note |
|---|---|---|---|---|---|---|---|---|---|---|---|---|---|---|
| Military College of Signals (MCS) | Military College of Signals (MCS) | General Stacks | 12/12/2016 | 621.382,MAH | MCS31562 | 12/08/2016 | 12/12/2016 | Book | Almirah No.35, Shelf No.5 |
